Vellivelicham (Record no. 128943)

MARC details
000 -LEADER
fixed length control field 00392nam a2200133Ia 4500
008 - FIXED-LENGTH DATA ELEMENTS--GENERAL INFORMATION
fixed length control field 211122s9999||||xx |||||||||||||| ||und||
082 ## - DEWEY DECIMAL CLASSIFICATION NUMBER
Classification number 894.812 4
Item number KAD-V
100 ## - MAIN ENTRY--PERSONAL NAME
Personal name Kadammanitta, Ramakrishnan
245 #0 - TITLE STATEMENT
Title Vellivelicham
260 ## - PUBLICATION, DISTRIBUTION, ETC.
Name of publisher, distributor, etc. Simon & Schuster
Place of publication, distribution, etc. New Delhi
Date of publication, distribution, etc. 2003
630 ## - SUBJECT ADDED ENTRY--UNIFORM TITLE
General subdivision General Stack
650 ## - SUBJECT ADDED ENTRY--TOPICAL TERM
Topical term or geographic name entry element Malayalam Literature
942 ## - ADDED ENTRY ELEMENTS (KOHA)
Koha item type BOOK
650 ## - SUBJECT ADDED ENTRY--TOPICAL TERM
Form subdivision Malayalam Essays LiteratureMalayalam
Holdings
Withdrawn status Lost status Source of classification or shelving scheme Damaged status Not for loan Home library Current library Date acquired Cost, normal purchase price Full call number Barcode Shelving location Date last seen Price effective from Koha item type
    Dewey Decimal Classification     SB LIBRARY SB LIBRARY 22/11/2021 45.00 894.8124 KAD-V 00110886 GENERAL STACK 22/11/2021 22/11/2021 BOOK

Powered by Koha